Gender and emotion : Social psychological perspectives
In this book a distinguished international group of scholars seek to address these and other questions in an attempt to disentangle the complex and fascinating relationship between gender and emotion. Presenting a systematic overview of the most recent social psychological research in this field, th...
Saved in:
| Format: | Book |
|---|---|
| Language: | Undetermined |
| Published: |
Cambridge [England]
Cambridge University Press
2000
|
| Subjects: | |
| Tags: |
Add Tag
No Tags, Be the first to tag this record!
|
| Institutions: | Trung tâm Học liệu Trường Đại học Cần Thơ |
|---|
| LEADER | 01216nam a2200217Ia 4500 | ||
|---|---|---|---|
| 001 | CTU_167063 | ||
| 008 | 210402s9999 xx 000 0 und d | ||
| 020 | |c 40 | ||
| 082 | |a 155.33 | ||
| 082 | |b G325 | ||
| 245 | 0 | |a Gender and emotion : | |
| 245 | 0 | |b Social psychological perspectives | |
| 245 | 0 | |c Edited by Agneta H. Fischer | |
| 260 | |a Cambridge [England] | ||
| 260 | |b Cambridge University Press | ||
| 260 | |c 2000 | ||
| 520 | |a In this book a distinguished international group of scholars seek to address these and other questions in an attempt to disentangle the complex and fascinating relationship between gender and emotion. Presenting a systematic overview of the most recent social psychological research in this field, the contributors combine empirical evidence and theoretical explanations to examine a wide range of emotions and emotional expressions and how they vary according to gender and context. | ||
| 650 | |a Sự biểu hiện,Cảm xúc,Expression,Emotions | ||
| 650 | |x Sự khác biệt giới tính,Sự khác biệt giới tính,Sex differences,Sex differences | ||
| 904 | |i Đình Thư, Trúc | ||
| 980 | |a Trung tâm Học liệu Trường Đại học Cần Thơ | ||